|
|
|
|
| LEADER |
00000ny a22000003n 4500 |
| 005 |
20110511135054.0 |
| 008 |
860404u1982 onc x p 0 a0eng c |
| 010 |
|
|
|a 94640639
|z cn 85035558
|
| 016 |
|
|
|a 850355583
|
| 022 |
|
|
|a 0824-8001
|
| 035 |
|
|
|a 3019
|
| 040 |
|
|
|a CaOONLP
|b eng
|c CaOONL
|d vLex
|
| 050 |
0 |
0 |
|a HD9710.C2
|b C66
|
| 050 |
0 |
0 |
|a HD9710.C2
|b C66
|
| 082 |
0 |
4 |
|a 330.971/005
|2 19
|
| 090 |
|
|
|c 1684
|d 1684
|
| 245 |
3 |
0 |
|a C.D. Howe Institute commentary
|h [Recurso electrn̤ico]
|c C.D. Howe Institute
|
| 246 |
3 |
|
|a Commentary
|
| 246 |
3 |
|
|a Commentary (C.D. Howe Institute)
|
| 246 |
3 |
|
|a Howe Institute commentary
|
| 256 |
|
|
|a Servicio en ln̕ea
|
| 260 |
|
|
|a Toronto :
|b The Institute
|
| 310 |
|
|
|a Irregular
|
| 506 |
1 |
|
|a Contenido solo disponible en los productos indicados
|d vLex Global
|d vLex Global (Academic Edition, excluding Law Schools)
|d vLex Global (Academic Edition, Law Schools)
|
| 651 |
|
4 |
|a Canad ̀
|x Polt̕ica econm̤ica
|x Publicaciones perid̤icas
|
| 710 |
2 |
|
|a C.D. Howe Institute.
|
| 740 |
0 |
|
|a vLex Revista (Servicios en ln̕ea)
|
| 843 |
|
|
|a Electrn̤ica. Abierta
|
| 853 |
|
|
|8 1
|i (year)
|j (month)
|k (day)
|
| 856 |
4 |
0 |
|z Acceso restringido
|u http://vlex.com/account/login_ip?fuente_id=3019
|
| 942 |
|
|
|c REV
|
| 999 |
|
0 |
|a Automobile industry and trade
|z Canada
|v Periodicals.
|
| 999 |
|
0 |
|a Automobile industry and trade
|z North America
|v Periodicals.
|
| 999 |
|
0 |
|a Automobile industry and trade
|z United States
|v Periodicals.
|
| 999 |
|
0 |
|a Free trade
|z North America
|v Periodicals.
|
| 999 |
|
0 |
|a Canada
|y 1971-
|v Periodicals.
|
| 999 |
|
0 |
|a Canada
|y 1971-
|v Přiodiques.
|
| 999 |
|
0 |
|a Canada.
|t Treaties, etc.
|v Periodicals.
|